书目信息 |
| 题名: |
家常豆制品保健食谱
|
|
| 作者: | 皮璐 编著 | |
| 分册: | ||
| 出版信息: | 南京 河海大学出版社 2003.05 |
|
| 页数: | 10,251页 | |
| 开本: | 19cm | |
| 丛书名: | 家常保健食谱丛书 | |
| 单 册: | ||
| 中图分类: | R247.1 | |
| 科图分类: | 62.193 | |
| 主题词: | 保健-食谱 , 食谱-保健 | |
| 电子资源: | ||
| ISBN: | 7-5630-1292-3 | |
| 000 | 00753cam2 2200265 45 | |
| 001 | 0199017857 | |
| 005 | 20070602095938.28 | |
| 010 | @a7-5630-1292-3@dCNY10.00 | |
| 100 | @a19990326d2003 em y0chiy0121 ea | |
| 101 | 0 | @achi |
| 102 | @aCN@b320000 | |
| 105 | @ay z 000yy | |
| 200 | 1 | @a家常豆制品保健食谱@AJia Chang Dou Zhi Pin Bao Jian Shi Pu@f皮璐等编著@FPi Lu Deng Bian Zhu |
| 210 | @a南京@c河海大学出版社@d2003.05 | |
| 215 | @a10,251页@d19cm | |
| 225 | 2 | @a家常保健食谱丛书@h第一辑@v2 |
| 410 | 0 | @120010@a家常保健食谱丛书 |
| 606 | @a保健-食谱 | |
| 606 | @a食谱-保健 | |
| 690 | @aR247.1@v3 | |
| 692 | @a62.193@v2 | |
| 701 | 0 | @a皮璐@APi Lu@4编著 |
| 801 | 0 | @aCN@bNLC@c20070602 |
| 905 | @aBZT@dR247.1@e236 | |
| 906 | @dCNY10.00@n0@r1 | |
| 家常豆制品保健食谱/皮璐等编著.-南京:河海大学出版社,2003.05 |
| 10,251页;19cm.-(家常保健食谱丛书.第一辑;2) |
| ISBN 7-5630-1292-3:CNY10.00 |
| ● |
| 相关链接 |
|
|
|
正题名:家常豆制品保健食谱
索取号:R247.1/236
 
预约/预借
| 序号 | 登录号 | 条形码 | 馆藏地/架位号 | 状态 | 备注 |
| 1 | 537224 | 230123812 | 中心书库中库/ 中库004架A面1列2层28/ [索取号:R247.1/236] | 在馆 | |
| 2 | 537225 | 230123811 | 中心书库中库/ 中库004架A面1列2层31/ [索取号:R247.1/236] | 在馆 | |
| 3 | 537226 | 230123810 | 中心书库中库/ 中库004架A面1列2层24/ [索取号:R247.1/236] | 在馆 | |
| 4 | 537227 | 230123809 | 中心书库中库/ 中库004架A面1列2层23/ [索取号:R247.1/236] | 在馆 | |
| 5 | 537228 | 230123808 | 中心书库中库/ 中库004架A面1列2层30/ [索取号:R247.1/236] | 在馆 | |
| 6 | 537229 | 230123807 | 中心书库中库/ 中库004架A面1列2层32/ [索取号:R247.1/236] | 在馆 | |
| 7 | 537230 | 230123806 | 中心书库中库/ 中库004架A面1列2层29/ [索取号:R247.1/236] | 在馆 | |
| 8 | 537231 | 230123805 | 中心书库中库/ 中库004架A面1列2层27/ [索取号:R247.1/236] | 在馆 | |
| 9 | 537232 | 230123804 | 中心书库中库/ 中库004架A面1列2层25/ [索取号:R247.1/236] | 在馆 | |
| 10 | 537233 | 230123803 | 中心书库中库/ 中库004架A面1列2层26/ [索取号:R247.1/236] | 在馆 |